000 00763nam a2200265Ia 4500
003 OSt
005 20220925231835.0
006 a|||||r|||| 00| 0
007 ta
008 220923b |||||||| |||| 00| 0 eng d
037 _cGeneral Book
040 _aRTL
_cRTL
_beng
041 _2eng
_aeng
082 _aS8, K9
100 _aZimbardo Philip
_9296219
245 0 _aInfluening attitudes and changing behavior
_b A bas
260 _aMassachusetts
_bAddison-Wesley
_c1969
300 _aix, 162p.
_ccm.
490 _aToipics in social psychology
500 _aBib p 159-62
650 _aPsychology
700 _a Ebbesen Ebbe B
_9296220
942 _hS8, K9
_cGB
_2CC
999 _c589597
_d589597